| 000 | 00983nam a2200253 a 4500 | ||
|---|---|---|---|
| 999 |
_c447245 _d447245 |
||
| 003 | BLK | ||
| 005 | 20230727123642.0 | ||
| 008 | 220302b bu |||||r|||| 00| | bu d | ||
| 040 | _aBLK | ||
| 041 |
_aBUL _cBUL |
||
| 080 |
_aГоведа _b636.22/.28 _x(062) _z636.22/.28(062) |
||
| 139 |
_aНационална изложба по млечно говедовъдство _bН 33 |
||
| 245 |
_aНационална изложба по млечно говедовъдство _bКаталог на представените животни _h[Малотир. изд.] |
||
| 260 |
_9441842 _aРусе _c1980 |
||
| 300 |
_a121 с. _bс ил. _c21 см |
||
| 380 | _a63 | ||
| 500 | _aНПО по говедовъдство и овцевъдство София' 80 | ||
| 653 | 7 |
_9184201 _aговедовъдство |
|
| 653 | 0 |
_9391214 _aизложба |
|
| 653 | 0 |
_9434569 _aкаталог |
|
| 852 |
_bК _cК 63/Н 33 |
||
| 942 |
_cKNG _n0 _s1 _01 |
||
| 944 |
_aCR _c2022-03-07 _k30556 _lТеодора Пейчева-Дянкова |
||